| 000 | 00834nam a2200205Ia 4500 | ||
|---|---|---|---|
| 003 | OSt | ||
| 005 | 20240322092758.0 | ||
| 008 | 210210b2003 xxu||||| |||| 00| 0 eng d | ||
| 040 | _cAL | ||
| 041 | _aKannada | ||
| 082 | _aK894.8 MALS | ||
| 100 |
_aMALINI MALYA (B) Ed _994009 _dಮಾಲಿನಿ ಮಲ್ಯ (ಬಿ) |
||
| 245 |
_aShivarama Karantara sahitya shreni: samputa 11; kadambari 10: Samikshe, nambidavara naka naraka _b ಶಿವರಾಮ ಕಾರಂತ ಸಾಹಿತ್ಯ ಶ್ರೇಣಿ : ಸಂಪುಟ ೧೧; ಕಾದಂಬರಿ ೧೦ : ಸಮೀಕ್ಷೆ, ನಂಬಿದವರ ನಾಕ ನರಕ |
||
| 260 |
_aBengaluru _bKannad mattu samskrati nirdeshanalaya _c2003 |
||
| 300 | _a489 | ||
| 440 |
_a11 _994010 |
||
| 690 |
_aKannada Collections _994011 |
||
| 906 | _a061834 | ||
| 942 |
_2ddc _cBK |
||
| 999 |
_c115931 _d115931 |
||